| 000 | 00757nam a22001817a 4500 | ||
|---|---|---|---|
| 999 |
_c16802 _d16802 |
||
| 003 | AR-CdUCM | ||
| 008 | 190506b ||||| |||| 00| 0 spa d | ||
| 040 |
_aMUNICIPALIDAD PROVINCIAL DEL CUSCO _cBIBLIOTECA MUNICIPAL DEL CUSCO |
||
| 082 |
_a190.251 / _bP75 |
||
| 100 |
_aPolitzer, Georges _936474 |
||
| 245 | _aCritica de los fundamentos de la psicología / | ||
| 260 |
_bEscorpio, _c1964. |
||
| 300 |
_a202 páginas ; _c20 cm. |
||
| 505 | _aContenido: Descubrimiento psicológicos en el psicoanálisis y orientación hacia lo concreto -- Introspección clásica y método psicoanalítico -- Armazón teórico del psicoanálisis y supervivencia de la abstracción.. | ||
| 650 |
_aPsicoanálisis _916757 |
||
| 942 |
_2ddc _cLIBROS |
||
| 945 |
_aacv _d2019-05-06 |
||